[Event "XV Magistral"]
[Site "Elgoibar"]
[Date "2005.12.09"]
[Round "1.1"]
[White "Paunovic, Dragan"]
[Black "Argandoña Riveiro, Iñigo"]
[Result "1-0"]
[WhiteElo "2511"]
[BlackElo "2397"]
[PlyCount "161"]
[EventDate "2005.12.16"]

1. d4 d5 2. Nf3 Bg4 3. Nbd2 Nd7 4. g3 e6 5. Bg2 Bd6 6. O-O f5 7. c4 c6 8. Qb3
Rb8 9. Re1 Qe7 10. h3 Bh5 11. cxd5 cxd5 12. Ne5 Ngf6 13. Ndf3 O-O 14. Bf4 Bxf3
15. exf3 Rfc8 16. Nd3 Rc4 17. Bxd6 Qxd6 18. Nf4 Nf8 19. Rad1 Rb4 20. Qc3 Rc4
21. Qa5 a6 22. b3 Rc2 23. Rc1 Rbc8 24. Rxc2 Rxc2 25. Nd3 Qc7 26. Qxc7 Rxc7 27.
Nc5 Kf7 28. b4 N6d7 29. f4 Nb8 30. a3 b6 31. Nd3 Nfd7 32. Bf1 Rc3 33. Re3 Rc4
34. Ne5+ Nxe5 35. dxe5 Rc1 36. Kg2 b5 37. a4 bxa4 38. Ra3 Rc6 39. Rxa4 Rb6 40.
h4 Ke7 41. Bd3 h5 42. Be2 g6 43. Kf1 Kd8 44. Ke1 Kc7 45. Kd2 Kb7 46. Kc3 Nc6
47. Bd3 Na7 48. Ra5 d4+ 49. Kb3 Nc6 50. Ra4 Ne7 51. Bf1 Nd5 52. Bg2 Rb5 53. Kc4
Kb6 54. Bxd5 Rxd5 55. Kd3 Rd8 56. Ra2 Rc8 57. Kxd4 Rd8+ 58. Kc4 Rc8+ 59. Kb3
Rd8 60. Rc2 Kb7 61. Ka4 Rd3 62. b5 Rd4+ 63. Ka5 Rd5 64. Rb2 Rc5 65. Rb4 Rd5 66.
Ka4 Rd2 67. bxa6+ Kxa6 68. Rb8 Ra2+ 69. Kb3 Rxf2 70. Kc4 Rc2+ 71. Kd4 Rg2 72.
Kc5 Rxg3 73. Rb6+ Ka7 74. Rxe6 Rg4 75. Re7+ Kb8 76. e6 Rxf4 77. Rg7 Re4 78. e7
Kc8 79. Kd6 Rd4+ 80. Ke6 Re4+ 81. Kf7 1-0

[Event "XV Magistral"]
[Site "Elgoibar"]
[Date "2005.12.09"]
[Round "1.2"]
[White "Gonzalez De la Torre, Santiago"]
[Black "Mirzoev, Azer"]
[Result "0-1"]
[WhiteElo "2352"]
[BlackElo "2518"]
[PlyCount "87"]
[EventDate "2005.12.16"]

1. e4 c5 2. Nf3 e6 3. d4 cxd4 4. Nxd4 a6 5. Be2 Nf6 6. Nc3 Bb4 7. O-O Bxc3 8.
bxc3 Nxe4 9. Qd3 Nc5 10. Qg3 O-O 11. Ba3 d6 12. Rfd1 Qe7 13. Nb3 e5 14. Nxc5
dxc5 15. Rd5 Nd7 16. Rad1 b6 17. Bc1 Re8 18. Rd6 Kh8 19. Bc4 b5 20. Bf1 Nf8 21.
Be3 c4 22. h4 Bf5 23. R1d2 h6 24. Bc5 Qc7 25. Qe3 Rac8 26. Bb6 Qb7 27. g3 f6
28. Bg2 e4 29. Qf4 Bg6 30. Bh3 Rc6 31. Rxc6 Qxc6 32. Rd6 Qb7 33. Bd4 Kg8 34.
Rb6 Qf7 35. Rxa6 e3 36. Bxe3 Bxc2 37. Ra7 Qg6 38. Bg2 h5 39. Bd5+ Ne6 40. Qd6
Bf5 41. Re7 Rxe7 42. Qxe7 Qg4 43. Qe8+ Kh7 44. Bg2 {(Tiempo)} 0-1

[Event "XV Magistral"]
[Site "Elgoibar"]
[Date "2005.12.09"]
[Round "1.3"]
[White "Maze, Sebastien"]
[Black "Bauer, Cristian"]
[Result "1/2-1/2"]
[WhiteElo "2506"]
[BlackElo "2625"]
[PlyCount "37"]
[EventDate "2005.12.16"]

1. e4 e5 2. Nf3 Nc6 3. Bb5 Nf6 4. d3 d6 5. O-O a6 6. Bxc6+ bxc6 7. d4 exd4 8.
Qxd4 c5 9. Qd3 Bb7 10. Re1 Be7 11. e5 dxe5 12. Nxe5 O-O 13. Qxd8 Raxd8 14. Nc3
Rfe8 15. Nc4 Nd5 16. Na5 Nxc3 17. Nxb7 Rb8 18. bxc3 Rxb7 19. Bf4 1/2-1/2

[Event "XV Magistral"]
[Site "Elgoibar"]
[Date "2005.12.09"]
[Round "1.4"]
[White "Lopez Martinez, Josep M"]
[Black "Korneev, Oleg"]
[Result "0-1"]
[WhiteElo "2505"]
[BlackElo "2599"]
[PlyCount "136"]
[EventDate "2005.12.16"]

1. e4 c5 2. Nf3 d6 3. d4 cxd4 4. Nxd4 Nf6 5. Nc3 Nc6 6. Be2 e6 7. Be3 Be7 8.
O-O O-O 9. Kh1 a6 10. a4 Qc7 11. Nb3 b6 12. f4 Re8 13. Bd3 Rb8 14. Qf3 Nb4 15.
Rac1 Bb7 16. Qh3 e5 17. fxe5 dxe5 18. Qg3 Kh8 19. Nd2 Bc5 20. Bxc5 Qxc5 21. Nf3
Nxd3 22. cxd3 Qe3 23. Rcd1 Rbd8 24. Rfe1 Qc5 25. Rf1 Qe7 26. Qf2 Rd6 27. Rd2
Kg8 28. Rfd1 g6 29. h3 Kg7 30. Qe3 Red8 31. Kh2 Nd7 32. d4 exd4 33. Rxd4 Nc5
34. Rxd6 Rxd6 35. Rxd6 Qxd6+ 36. Kg1 Nxa4 37. Nxa4 Qd1+ 38. Kf2 Qxa4 39. Qxb6
Qc2+ 40. Kg3 Qxe4 41. b4 h5 42. Qc5 h4+ 43. Kf2 Qf4 44. Qd4+ Qxd4+ 45. Nxd4 Kf6
46. Nb3 Ke5 47. Nc5 Bc8 48. Ke3 Kd5 49. Ne4 Bf5 50. Nd2 f6 51. Kf4 Bc2 52. Ke3
g5 53. Nf1 Kc4 54. g3 hxg3 55. Nxg3 Bg6 56. Kd2 Kxb4 57. Nf1 Kc4 58. Ne3+ Kd4
59. Ng4 f5 60. Nf2 a5 61. Nd3 a4 62. Ne1 Ke4 63. Nd3 a3 64. Nc5+ Kf3 65. Kc3
Kg3 66. Ne6 Kh4 67. Nf8 Bf7 68. Nh7 g4 0-1

[Event "XV Magistral"]
[Site "Elgoibar"]
[Date "2005.12.09"]
[Round "1.4"]
[White "Gomez Esteban, Mario"]
[Black "Fernandez Romero, Ernesto"]
[Result "1-0"]
[WhiteElo "2470"]
[BlackElo "2442"]
[PlyCount "103"]
[EventDate "2005.12.16"]

1. d4 Nf6 2. c4 d6 3. Nc3 e5 4. d5 Be7 5. e4 O-O 6. Nf3 h6 7. Be2 Nh7 8. Be3
Bg4 9. Nd2 Bxe2 10. Qxe2 Bg5 11. O-O Nd7 12. b4 b6 13. Nb3 f5 14. exf5 Rxf5 15.
Ne4 Bxe3 16. fxe3 Rxf1+ 17. Rxf1 Nhf6 18. Ng3 a5 19. bxa5 bxa5 20. Nf5 a4 21.
Nd2 Qe8 22. Qf3 Qh5 23. Qxh5 Nxh5 24. Ne7+ Kh7 25. Rf7 Rf8 26. Rxf8 Nxf8 27.
Ne4 Nd7 28. Nc6 Nhf6 29. Nc3 Nb6 30. Na5 Ng4 31. e4 Kg6 32. h3 Nf6 33. Kf2 Kf7
34. Ke3 Ke7 35. c5 dxc5 36. Nc6+ Ke8 37. Nxe5 Nfd7 38. Nc6 Nf6 39. g4 Kd7 40.
Kf4 a3 41. Ne5+ Kd8 42. Kf5 Ne8 43. Ke6 Nf6 44. Kf7 Ne8 45. Nc6+ Kd7 46. e5
Nd6+ 47. exd6 Kxd6 48. Na5 Nxd5 49. Nc4+ Kc6 50. Nxd5 Kxd5 51. Nxa3 c4 52. Kxg7
1-0

[Event "XV Magistral"]
[Site "Elgoibar"]
[Date "2005.12.10"]
[Round "2.2"]
[White "Korneev, Oleg"]
[Black "Gomez Esteban, Mario"]
[Result "1/2-1/2"]
[WhiteElo "2599"]
[BlackElo "2470"]
[PlyCount "160"]
[EventDate "2005.12.16"]

1. e4 c6 2. c4 d5 3. exd5 cxd5 4. cxd5 Nf6 5. Nc3 Nxd5 6. Nf3 Nc6 7. Bb5 Nxc3
8. bxc3 g6 9. d4 Bg7 10. O-O O-O 11. Re1 Qa5 12. Qa4 Qxa4 13. Bxa4 e6 14. Rb1
Rd8 15. Bg5 Rd5 16. Bb3 Rf5 17. a4 h6 18. Be3 Na5 19. Bc2 Rd5 20. Be4 Rd7 21.
Ne5 Rc7 22. Rb5 Nc4 23. Nxc4 Rxc4 24. a5 a6 25. Rc5 Rxc5 26. dxc5 Bxc3 27. Rb1
Bxa5 28. c6 b6 29. Rd1 f5 30. Bf3 Kf7 31. Rd8 b5 32. Rh8 b4 33. Bd4 b3 34. c7
Ra7 35. Rxc8 Rxc7 36. Rxc7+ Bxc7 37. Bd1 e5 38. Bxb3+ Kf6 39. Bc3 Ke7 40. Kf1
e4 41. g3 h5 42. h4 Bb6 43. Ke2 a5 44. Bd2 Kf6 45. Bg5+ Kg7 46. Be3 Bd8 47. Kd2
g5 48. hxg5 Kg6 49. Ba4 Bxg5 50. Be8+ Kh6 51. Bf4 h4 52. Ke2 hxg3 53. fxg3 Bxf4
54. gxf4 Kg7 55. Ke3 Kf6 56. Bd7 Kg6 57. Kf2 Kf6 58. Ke2 Kg6 59. Ke3 Kf6 60.
Kd4 Kg6 61. Be8+ Kf6 62. Ba4 Ke6 63. Bb3+ Kd6 64. Bd1 Ke6 65. Kc5 Ke7 66. Kd5
Kf6 67. Kd4 Ke6 68. Kc5 Ke7 69. Bb3 Kf6 70. Kd5 Kg6 71. Ke5 e3 72. Bc4 a4 73.
Kd4 Kh5 74. Kxe3 Kg4 75. Be6 a3 76. Ba2 Kg3 77. Bb3 Kg4 78. Bd5 Kg3 79. Ba2 Kg4
80. Bb1 Kg3 1/2-1/2

[Event "XV Magistral"]
[Site "Elgoibar"]
[Date "2005.12.10"]
[Round "2.3"]
[White "Bauer, Cristian"]
[Black "Lopez Martinez, Josep M"]
[Result "1-0"]
[WhiteElo "2625"]
[BlackElo "2505"]
[PlyCount "103"]
[EventDate "2005.12.16"]

1. d4 Nf6 2. Nf3 d5 3. c4 e6 4. Bg5 dxc4 5. Nc3 Be7 6. e4 h6 7. Bxf6 Bxf6 8. e5
Be7 9. Bxc4 O-O 10. Qe2 c5 11. dxc5 Nc6 12. O-O Bxc5 13. Rfd1 Qe7 14. Ne4 Bb6
15. Nd6 f6 16. exf6 Rxf6 17. Rd2 Ba5 18. Rd3 Nb4 19. Nxc8 Rxc8 20. Re3 Re8 21.
Re4 Kh8 22. Ne5 Nc6 23. Ng4 Rg6 24. Bb5 Bb6 25. Bxc6 bxc6 26. Rf1 Rf8 27. g3
Qc7 28. Kg2 Rg5 29. h4 Rd5 30. Ne5 Rf6 31. h5 Kg8 32. Ng4 Rf8 33. Rxe6 Bd4 34.
Rg6 Kh8 35. Nxh6 Qd7 36. Ng4 Rxh5 37. Qe4 c5 38. b3 Qf7 39. Re6 Qf5 40. Qxf5
Rhxf5 41. f4 Kg8 42. Rfe1 Rd5 43. R1e2 a5 44. Ne5 Ra8 45. Nc6 Kh7 46. Kf3 Rh5
47. Nxd4 cxd4 48. Rd6 a4 49. Rxd4 axb3 50. axb3 Ra1 51. Rb2 Ra3 52. Ra4 1-0

[Event "XV Magistral"]
[Site "Elgoibar"]
[Date "2005.12.10"]
[Round "2.4"]
[White "Mirzoev, Azer"]
[Black "Maze, Sebastien"]
[Result "1-0"]
[WhiteElo "2518"]
[BlackElo "2506"]
[PlyCount "87"]
[EventDate "2005.12.16"]

1. d4 d5 2. Nf3 Nf6 3. c4 c6 4. e3 a6 5. Nc3 e6 6. b3 Bb4 7. Bd2 Nbd7 8. Bd3
O-O 9. O-O Qe7 10. Ne2 Bxd2 11. Qxd2 dxc4 12. Bxc4 e5 13. Ng3 e4 14. Ng5 h6 15.
Nh3 Nb6 16. Nf4 Nxc4 17. bxc4 g5 18. Nfe2 h5 19. f4 exf3 20. Rxf3 h4 21. Nf5
Bxf5 22. Rxf5 Ne4 23. Qd3 f6 24. Raf1 Rae8 25. c5 Kg7 26. Nc1 Rd8 27. Qc2 Rd5
28. Rxd5 cxd5 29. Nd3 Qd7 30. Rb1 Re8 31. Nf2 Re6 32. Nxe4 Rxe4 33. Qf2 Qe7 34.
Rb3 Kg6 35. h3 f5 36. a4 Qc7 37. a5 Qe7 38. Kh1 f4 39. exf4 Rxf4 40. Qc2+ Re4
41. Rb6+ Kh5 42. Qd1+ g4 43. hxg4+ Kg5 44. Qf1 1-0

[Event "XV Magistral"]
[Site "Elgoibar"]
[Date "2005.12.10"]
[Round "2.5"]
[White "Paunovic, Dragan"]
[Black "Gonzalez De la Torre, Santiago"]
[Result "1-0"]
[WhiteElo "2511"]
[BlackElo "2352"]
[PlyCount "75"]
[EventDate "2005.12.16"]

1. Nf3 Nf6 2. c4 c6 3. d4 d5 4. e3 Bg4 5. Nc3 e6 6. h3 Bh5 7. Qb3 Qb6 8. Be2
Nbd7 9. Bd2 Be7 10. O-O O-O 11. Rfc1 Ne4 12. Be1 Nxc3 13. bxc3 Bg6 14. cxd5
exd5 15. c4 dxc4 16. Qxc4 Ba3 17. Rd1 Qb2 18. Bc3 Nb6 19. Bxb2 Nxc4 20. Bxa3
Nxa3 21. Ne5 Be4 22. Nd7 Rfd8 23. Nc5 Bc2 24. Rdc1 b6 25. Na6 Rac8 26. Nb4 Be4
27. Ba6 c5 28. f3 cxb4 29. Rxc8 Rxc8 30. Bxc8 Bd5 31. Ba6 g6 32. e4 Bc4 33.
Bxc4 Nxc4 34. Kf2 f6 35. Ke2 b5 36. d5 a5 37. Kd3 Kf7 38. Rc1 1-0

[Event "XV Magistral"]
[Site "Elgoibar"]
[Date "2005.12.11"]
[Round "3.1"]
[White "Gonzalez De la Torre, Santiago"]
[Black "Argandoña Riveiro, Iñigo"]
[Result "1/2-1/2"]
[WhiteElo "2352"]
[BlackElo "2397"]
[PlyCount "34"]
[EventDate "2005.12.16"]

1. e4 c5 2. Nf3 d6 3. d4 cxd4 4. Nxd4 Nf6 5. Nc3 g6 6. f4 Nbd7 7. Qf3 Bg7 8.
Be3 O-O 9. O-O-O Nc5 10. h3 Qa5 11. g4 Be6 12. g5 Nfxe4 13. Nxe4 Nxe4 14. Nxe6
Bxb2+ 15. Kxb2 Qb4+ 16. Ka1 Qc3+ 17. Kb1 Qb4+ 1/2-1/2

[Event "XV Magistral"]
[Site "Elgoibar"]
[Date "2005.12.11"]
[Round "3.3"]
[White "Lopez Martinez, Josep M"]
[Black "Mirzoev, Azer"]
[Result "1/2-1/2"]
[WhiteElo "2505"]
[BlackElo "2518"]
[PlyCount "130"]
[EventDate "2005.12.16"]

1. e4 Nf6 2. e5 Nd5 3. d4 d6 4. c4 Nb6 5. exd6 exd6 6. Nc3 Be7 7. Bd3 Nc6 8.
Nge2 Bg4 9. f3 Bh5 10. O-O O-O 11. b3 Bf6 12. Kh1 d5 13. c5 Nc8 14. Be3 Bg6 15.
Bxg6 hxg6 16. Qd2 b6 17. Rad1 Re8 18. g4 Qd7 19. Bf2 Nd8 20. Rfe1 Ne6 21. h4 c6
22. Kg2 Rb8 23. Nf4 bxc5 24. Nxe6 fxe6 25. dxc5 Qf7 26. Bg3 Rb7 27. Na4 Rf8 28.
Rf1 Rb5 29. Rde1 Re8 30. Re2 Bd8 31. Nb2 Rxc5 32. Nd3 Rb5 33. Ne5 Qf6 34. Nxc6
Rb7 35. Qd3 Bc7 36. Ne5 Bxe5 37. Bxe5 Qf7 38. Rc1 Nb6 39. Bd4 Nd7 40. Rce1 Rc7
41. Ba1 Nf8 42. Be5 Rc6 43. Bd4 Rec8 44. Qe3 a6 45. Qg5 Nh7 46. Qe5 Nf6 47. Qg5
Nh7 48. Qd2 Nf8 49. Qd3 Qf4 50. Be5 Qf7 51. Bb2 Nd7 52. Ba1 Nf8 53. Rh1 Qb7 54.
h5 Qb5 55. Qxb5 axb5 56. hxg6 Nxg6 57. Kg3 Rf8 58. Bd4 b4 59. Rhe1 Nf4 60. Rh2
Ng6 61. Rhe2 Nf4 62. Rd2 Ng6 63. Rde2 Nf4 64. Rh2 Ng6 65. Rhe2 Nf4 1/2-1/2

[Event "XV Magistral"]
[Site "Elgoibar"]
[Date "2005.12.11"]
[Round "3.4"]
[White "Gomez Esteban, Mario"]
[Black "Bauer, Cristian"]
[Result "0-1"]
[WhiteElo "2470"]
[BlackElo "2625"]
[PlyCount "124"]
[EventDate "2005.12.16"]

1. d4 d6 2. e4 Nf6 3. f3 d5 4. e5 Nfd7 5. f4 c5 6. c3 Nc6 7. Nf3 cxd4 8. cxd4
Nb6 9. Nc3 Bf5 10. Nh4 Bd7 11. Be2 e6 12. Nf3 Rc8 13. O-O Be7 14. Kh1 a6 15.
Bd3 h5 16. Bb1 Na7 17. Ng5 Nb5 18. Ne2 Nc4 19. b3 Na5 20. Bb2 Nc6 21. Rf3 Qb6
22. Rg3 Ba3 23. Bxa3 Nxa3 24. Nf3 g6 25. Bd3 Rc7 26. Rc1 Nb4 27. Rxc7 Qxc7 28.
Qd2 Nxd3 29. Qxd3 Bb5 30. Qc3 Qxc3 31. Nxc3 Nc2 32. a4 Bd7 33. Ne2 Ke7 34. Kg1
Rc8 35. Kf2 b5 36. axb5 Bxb5 37. Nfg1 Kd7 38. h3 Rc7 39. Rf3 h4 40. g3 hxg3+
41. Rxg3 Na1 42. Nc3 Rb7 43. Na2 Nc2 44. Nf3 Rc7 45. Rg1 Bd3 46. Nc1 Rc3 47.
Nxd3 Rxd3 48. Rb1 Nxd4 49. Nxd4 Rxd4 50. Kf3 Rb4 51. Kg4 Kc6 52. Kg5 d4 53. Kf6
Rb7 54. Ra1 Kb5 55. Rd1 Rd7 56. Rd3 Kc5 57. h4 Kd5 58. Rd1 Ke4 59. f5 exf5 60.
Re1+ Kf3 61. Rf1+ Ke2 62. Ra1 d3 0-1

[Event "XV Magistral"]
[Site "Elgoibar"]
[Date "2005.12.11"]
[Round "3.5"]
[White "Fernandez Romero, Ernesto"]
[Black "Korneev, Oleg"]
[Result "0-1"]
[WhiteElo "2442"]
[BlackElo "2599"]
[PlyCount "56"]
[EventDate "2005.12.16"]

1. e4 c5 2. Nf3 e6 3. d4 cxd4 4. Nxd4 a6 5. c4 Qc7 6. Nc3 Nf6 7. a3 b6 8. Be3
Bb7 9. f3 d6 10. Be2 Be7 11. O-O Nbd7 12. Rc1 O-O 13. b4 Rac8 14. Qd2 Rfe8 15.
Na4 Qb8 16. Rc2 d5 17. cxd5 Rxc2 18. Qxc2 exd5 19. b5 axb5 20. Bxb5 dxe4 21.
Nc6 Bxc6 22. Qxc6 Bd6 23. Rd1 Bxh2+ 24. Kh1 Rc8 25. Qxc8+ Qxc8 26. f4 h5 27.
Bxd7 Nxd7 28. Kxh2 Nf6 0-1

[Event "XV Magistral"]
[Site "Elgoibar"]
[Date "2005.12.11"]
[Round "4.1"]
[White "Argandoña Riveiro, Iñigo"]
[Black "Korneev, Oleg"]
[Result "0-1"]
[WhiteElo "2397"]
[BlackElo "2599"]
[PlyCount "62"]
[EventDate "2005.12.16"]

1. d4 d5 2. Bg5 h6 3. Bh4 c6 4. e3 Qb6 5. Qc1 e5 6. Nf3 e4 7. Nfd2 Ne7 8. Be2
Nf5 9. Bg3 Nxg3 10. hxg3 Be6 11. c4 Be7 12. Nc3 Nd7 13. c5 Qc7 14. b4 O-O 15.
Nb3 b6 16. O-O g6 17. Rd1 h5 18. b5 bxc5 19. bxc6 Qxc6 20. Bb5 Qb7 21. Bxd7
Qxd7 22. Nxc5 Qc6 23. Rd2 Rfc8 24. Rc2 Bg4 25. a4 Kg7 26. Nb5 h4 27. gxh4 a6
28. Nc7 Rxc7 29. Ne6+ Qxe6 30. Rxc7 Bd6 31. Rc6 Rh8 0-1

[Event "XV Magistral"]
[Site "Elgoibar"]
[Date "2005.12.11"]
[Round "4.2"]
[White "Bauer, Cristian"]
[Black "Fernandez Romero, Ernesto"]
[Result "1-0"]
[WhiteElo "2625"]
[BlackElo "2442"]
[PlyCount "127"]
[EventDate "2005.12.16"]

1. e4 e6 2. d3 d5 3. Qe2 Nc6 4. Nf3 Nf6 5. g3 dxe4 6. dxe4 e5 7. Bg2 Bc5 8. c3
a5 9. O-O O-O 10. Rd1 Qe7 11. Bg5 h6 12. Bxf6 Qxf6 13. Nbd2 b6 14. Nf1 Ba6 15.
Qc2 Rfd8 16. a3 a4 17. Rxd8+ Rxd8 18. Rd1 Bxf1 19. Kxf1 Rxd1+ 20. Qxd1 Qd6 21.
Qd5 Ne7 22. Qxd6 Bxd6 23. Bh3 c6 24. Bd7 g6 25. Ke2 Kg7 26. Ne1 f5 27. f3 Kf6
28. Nd3 h5 29. Be8 f4 30. Kf2 Ke6 31. Kg2 Bc7 32. Kh3 b5 33. g4 hxg4+ 34. Kxg4
Bd8 35. Nc5+ Kf6 36. h4 Bc7 37. Nd3 Bb6 38. Bd7 Be3 39. Kh3 c5 40. Bxb5 Nc8 41.
Bxa4 c4 42. Nb4 Bc1 43. Nd5+ Kg7 44. Bd7 Nd6 45. a4 Nb7 46. Bb5 Na5 47. Kg4 Kh6
48. Be8 Bxb2 49. h5 gxh5+ 50. Bxh5 Nb7 51. Be8 Ba3 52. Bb5 Nd6 53. Bc6 Kg6 54.
a5 Bc5 55. Nb6 Be3 56. Bd5 Bd2 57. a6 Nb5 58. Bxc4 Na7 59. Nd5 Be1 60. Bb3 Bf2
61. Ba4 Nc8 62. Be8+ Kh6 63. Bd7 Nd6 64. Nb4 1-0

[Event "XV Magistral"]
[Site "Elgoibar"]
[Date "2005.12.11"]
[Round "4.3"]
[White "Mirzoev, Azer"]
[Black "Gomez Esteban, Mario"]
[Result "1-0"]
[WhiteElo "2518"]
[BlackElo "2470"]
[PlyCount "73"]
[EventDate "2005.12.16"]

1. d4 Nf6 2. c4 e6 3. Nc3 Bb4 4. e3 c5 5. Nge2 b6 6. a3 Ba5 7. Rb1 Na6 8. Qa4
Bb7 9. Bd2 Bc6 10. Qc2 Rc8 11. f3 O-O 12. dxc5 bxc5 13. Ng3 Rb8 14. Bd3 Nc7 15.
O-O d5 16. Nxd5 Ncxd5 17. cxd5 Bxd2 18. Qxd2 Bxd5 19. Rf2 Bb3 20. Rc1 Qb6 21.
Nf1 Rfc8 22. Bc4 Bxc4 23. Rxc4 Ne8 24. Qc3 Nd6 25. Rg4 g6 26. Rd2 Nf5 27. Rc4
Nd6 28. Rf4 c4 29. h4 Qc7 30. h5 Rb3 31. Qf6 Ne8 32. Qg5 e5 33. Rg4 c3 34. hxg6
hxg6 35. bxc3 Rxc3 36. Rh4 Rc1 37. Qh6 1-0

[Event "XV Magistral"]
[Site "Elgoibar"]
[Date "2005.12.11"]
[Round "4.4"]
[White "Paunovic, Dragan"]
[Black "Lopez Martinez, Josep M"]
[Result "1/2-1/2"]
[WhiteElo "2511"]
[BlackElo "2505"]
[PlyCount "114"]
[EventDate "2005.12.16"]

1. d4 Nf6 2. Nf3 d5 3. c4 e6 4. Nc3 c5 5. cxd5 Nxd5 6. e3 Nc6 7. Bd3 cxd4 8.
exd4 Be7 9. O-O O-O 10. Re1 Bf6 11. Be4 a6 12. a3 g6 13. Bxd5 exd5 14. Bh6 Bg7
15. Bxg7 Kxg7 16. Ne5 Ne7 17. Qb3 Qd6 18. Qb4 Rd8 19. Qxd6 Rxd6 20. Rac1 b6 21.
Nd1 Ra7 22. Ne3 f6 23. Nf3 Rdd7 24. Rc3 Rdc7 25. Rec1 Rxc3 26. Rxc3 Bd7 27. Kf1
Kf7 28. Ke1 Ke6 29. h4 Kd6 30. Kd2 Ra8 31. Ng1 Rc8 32. Rb3 Rb8 33. Ne2 Ba4 34.
Rc3 Rf8 35. Rc1 Bd7 36. Nc3 a5 37. Rb1 Bf5 38. Ra1 Bd7 39. a4 Rc8 40. Ra3 Bc6
41. Rb3 Kc7 42. g3 Rf8 43. Nb5+ Bxb5 44. Rxb5 Rd8 45. Kd3 Rd6 46. b4 axb4 47.
Rxb4 Rd8 48. Nd1 g5 49. h5 g4 50. Rb5 Kc6 51. Nc3 Ra8 52. Rb1 Rg8 53. Ra1 Rg5
54. Re1 Kd7 55. Rb1 Kc6 56. Re1 Kd7 57. Rb1 Kc6 1/2-1/2

[Event "XV Magistral"]
[Site "Elgoibar"]
[Date "2005.12.11"]
[Round "4.5"]
[White "Gonzalez De la Torre, Santiago"]
[Black "Maze, Sebastien"]
[Result "1/2-1/2"]
[WhiteElo "2352"]
[BlackElo "2506"]
[PlyCount "70"]
[EventDate "2005.12.16"]

1. e4 c5 2. Nf3 Nc6 3. d4 cxd4 4. Nxd4 e5 5. Nb5 d6 6. N1c3 a6 7. Na3 b5 8. Nd5
Nge7 9. c4 Nxd5 10. exd5 Nd4 11. cxb5 Be7 12. Bd3 O-O 13. O-O f5 14. Kh1 Bf6
15. f3 Re8 16. Re1 Bh4 17. g3 Bf6 18. bxa6 Re7 19. Nc2 Nxf3 20. Qxf3 e4 21.
Bxe4 fxe4 22. Rxe4 Raa7 23. Be3 Rxe4 24. Qxe4 Re7 25. Qd3 Qa5 26. a7 Bb7 27.
Rd1 Re5 28. Qb3 Qa6 29. Kg1 Re8 30. a4 Ba8 31. Qb8 Kf7 32. b3 Qe2 33. Rd2 Qf3
34. Qc7+ Re7 35. Qc8 Re8 1/2-1/2

[Event "XV Magistral"]
[Site "Elgoibar"]
[Date "2005.12.12"]
[Round "5.3"]
[White "Gomez Esteban, Mario"]
[Black "Paunovic, Dragan"]
[Result "1/2-1/2"]
[WhiteElo "2470"]
[BlackElo "2511"]
[PlyCount "103"]
[EventDate "2005.12.16"]

1. d4 d6 2. e4 Nf6 3. f3 g6 4. Be3 c6 5. Qd2 Bg7 6. Nc3 b5 7. Bh6 Bxh6 8. Qxh6
Qa5 9. Qd2 Nbd7 10. Nge2 Rb8 11. a3 Qc7 12. g4 Nb6 13. Ng3 h5 14. g5 h4 15.
gxf6 hxg3 16. fxe7 Qxe7 17. O-O-O a5 18. Nb1 b4 19. Bd3 gxh2 20. axb4 axb4 21.
Qxb4 Be6 22. Rd2 Kd7 23. d5 Nxd5 24. Qd4 Qf6 25. Qxf6 Nxf6 26. Rhxh2 Ke7 27.
Na3 Nd7 28. f4 Nc5 29. Rdf2 d5 30. exd5 cxd5 31. Rxh8 Rxh8 32. Nb5 Kf6 33. Nd4
Nxd3+ 34. cxd3 Rh3 35. Kd2 Bf5 36. Rf3 Rh8 37. b4 Bd7 38. Kc3 Rc8+ 39. Kb3 Ke7
40. Rf1 f6 41. Rh1 g5 42. fxg5 fxg5 43. Rh7+ Kd6 44. Rg7 g4 45. Rg5 Rf8 46. Kc3
Rf1 47. Rg6+ Kc7 48. b5 Rb1 49. Kc2 Rb4 50. Kc3 Rb1 51. Kc2 Rb4 52. Kc3 1/2-1/2

[Event "XV Magistral"]
[Site "Elgoibar"]
[Date "2005.12.12"]
[Round "5.4"]
[White "Fernandez Romero, Ernesto"]
[Black "Mirzoev, Azer"]
[Result "0-1"]
[WhiteElo "2442"]
[BlackElo "2518"]
[PlyCount "96"]
[EventDate "2005.12.16"]

1. e4 Nf6 2. e5 Nd5 3. d4 d6 4. c4 Nb6 5. exd6 exd6 6. Nc3 Be7 7. Bd3 Nc6 8.
Nge2 Bg4 9. f3 Bh5 10. O-O O-O 11. b3 Bf6 12. d5 Nb4 13. Be4 Na6 14. Qc2 Bg6
15. Bxg6 hxg6 16. Rb1 Nc5 17. Be3 Re8 18. Bf2 a5 19. Ng3 Nbd7 20. a3 Nf8 21.
Rfd1 Be5 22. b4 axb4 23. axb4 Ncd7 24. c5 Nf6 25. Nce4 N8h7 26. cxd6 cxd6 27.
Qd3 Nxe4 28. Nxe4 Nf6 29. Nd2 Ra2 30. g3 Nd7 31. f4 Bf6 32. Re1 Rxe1+ 33. Rxe1
g5 34. Nc4 gxf4 35. Qb3 Ra8 36. Nxd6 Be5 37. Ne4 fxg3 38. hxg3 Nf6 39. Nc5 Ng4
40. Qc4 Qg5 41. Qe4 Qh5 42. Nd3 Ra3 43. Re2 Qh2+ 44. Kf1 Qh3+ 45. Ke1 Nxf2 46.
Nxf2 Bc3+ 47. Kd1 Qf1+ 48. Kc2 Ra2+ 0-1

[Event "XV Magistral"]
[Site "Elgoibar"]
[Date "2005.12.13"]
[Round "6.1"]
[White "Argandoña Riveiro, Iñigo"]
[Black "Bauer, Cristian"]
[Result "0-1"]
[WhiteElo "2397"]
[BlackElo "2625"]
[PlyCount "106"]
[EventDate "2005.12.16"]

1. d4 e6 2. e4 d5 3. Nc3 Nf6 4. e5 Nfd7 5. f4 c5 6. Nf3 Nc6 7. Be3 a6 8. Qd2 b5
9. g3 b4 10. Na4 cxd4 11. Nxd4 Bb7 12. b3 Nxd4 13. Bxd4 Bc6 14. Bd3 Qc7 15. O-O
Bxa4 16. bxa4 Bc5 17. Qf2 Ke7 18. Bxc5+ Qxc5 19. a3 bxa3 20. Qxc5+ Nxc5 21.
Rxa3 Rab8 22. Rfa1 Rhc8 23. R1a2 h6 24. Kg2 f6 25. exf6+ gxf6 26. Kh3 Rb1 27.
Rc3 a5 28. Raa3 Kd6 29. Bb5 Rc1 30. Kh4 Rh1 31. Kh3 e5 32. fxe5+ fxe5 33. Rf3
Ne4 34. Kg2 Rd1 35. Bd3 Rd2+ 36. Kg1 Ng5 37. Rf6+ Ke7 38. Rxh6 e4 39. Bf1 Rcxc2
40. Rh5 Kf6 41. Rh4 Rc1 42. Rf4+ Ke5 43. Rf8 Nh3+ 44. Kh1 Rcc2 45. Bxh3 Rxh2+
46. Kg1 Rxh3 47. Rb3 Kd4 48. Rd8 Ra2 49. Rb5 Rxg3+ 50. Kh1 Rh3+ 51. Kg1 Rh5 52.
Rxa5 e3 53. Re8 Rg5+ 0-1

[Event "XV Magistral"]
[Site "Elgoibar"]
[Date "2005.12.13"]
[Round "6.2"]
[White "Mirzoev, Azer"]
[Black "Korneev, Oleg"]
[Result "1/2-1/2"]
[WhiteElo "2518"]
[BlackElo "2599"]
[PlyCount "44"]
[EventDate "2005.12.16"]

1. d4 d5 2. c4 e6 3. Nc3 Be7 4. Nf3 Nf6 5. Bg5 h6 6. Bh4 O-O 7. e3 Ne4 8. Bxe7
Qxe7 9. Rc1 c6 10. Bd3 Nxc3 11. Rxc3 Nd7 12. O-O e5 13. dxe5 dxc4 14. Bxc4 Nxe5
15. Nxe5 Qxe5 16. f4 Qe4 17. Qd3 Bf5 18. Qxe4 Bxe4 19. Bd3 Rfe8 20. Bxe4 Rxe4
21. Rd1 Rae8 22. Kf2 f5 1/2-1/2

[Event "XV Magistral"]
[Site "Elgoibar"]
[Date "2005.12.13"]
[Round "6.3"]
[White "Paunovic, Dragan"]
[Black "Fernandez Romero, Ernesto"]
[Result "1/2-1/2"]
[WhiteElo "2511"]
[BlackElo "2442"]
[PlyCount "132"]
[EventDate "2005.12.16"]

1. Nf3 c5 2. g3 Nc6 3. Bg2 g6 4. O-O Bg7 5. c3 e5 6. e4 Nge7 7. d3 O-O 8. a3 d6
9. b4 b6 10. b5 Na5 11. c4 h6 12. Bd2 Nb7 13. Nc3 Kh7 14. Nh4 Rb8 15. Rc1 Be6
16. a4 Qd7 17. Nd5 Nxd5 18. cxd5 Bg4 19. f3 Bh3 20. Qe2 h5 21. Bxh3 Qxh3 22.
Ng2 Bh6 23. f4 exf4 24. Bxf4 Bg7 25. Ne3 Rbe8 26. Nc4 Qd7 27. Qg2 f5 28. Rce1
Rf7 29. h4 fxe4 30. Rxe4 Rxe4 31. dxe4 Re7 32. Re1 Re8 33. Kh2 Be5 34. Qh3 Qg7
35. Bxe5 dxe5 36. Rf1 Qe7 37. g4 Rf8 38. g5 Nd6 39. Rxf8 Qxf8 40. Nxd6 Qxd6 41.
Qc8 Qe7 42. Kg2 Qf7 43. Qb8 Qf4 44. Qxa7+ Kg8 45. Qb8+ Kh7 46. Qc7+ Kg8 47.
Qd8+ Kh7 48. Qf6 Qxe4+ 49. Qf3 Qd4 50. Qf7+ Kh8 51. Qf8+ Kh7 52. Qh6+ Kg8 53.
Qxg6+ Kf8 54. Qh6+ Kf7 55. Qf6+ Kg8 56. Qg6+ Kf8 57. Qxh5 Qd2+ 58. Kf1 Qf4+ 59.
Ke2 Qh2+ 60. Ke1 Qg3+ 61. Kd2 Qf4+ 62. Ke2 Qh2+ 63. Kf3 Qf4+ 64. Kg2 Qd2+ 65.
Kf1 Qf4+ 66. Ke2 Qh2+ 1/2-1/2

[Event "XV Magistral"]
[Site "Elgoibar"]
[Date "2005.12.13"]
[Round "6.4"]
[White "Gonzalez De la Torre, Santiago"]
[Black "Gomez Esteban, Mario"]
[Result "0-1"]
[WhiteElo "2352"]
[BlackElo "2470"]
[PlyCount "78"]
[EventDate "2005.12.16"]

1. e4 c6 2. d4 d5 3. exd5 cxd5 4. c4 Nf6 5. Nc3 e6 6. Nf3 Be7 7. cxd5 Nxd5 8.
Bd3 O-O 9. O-O Nc6 10. Re1 Bf6 11. Be4 Qd6 12. Bg5 Bxg5 13. Nxg5 Nf6 14. Qd3 h6
15. Bxc6 Qxc6 16. Nf3 Bd7 17. Ne5 Qd6 18. Rad1 Rfd8 19. h3 Be8 20. Re3 Rac8 21.
Rg3 Kf8 22. Ng4 Nxg4 23. hxg4 f6 24. Re3 Bf7 25. Qh7 Bg8 26. Qe4 Qb4 27. Ne2 e5
28. a3 Qb6 29. d5 Qxb2 30. Nf4 Bf7 31. Rb1 Qc2 32. Ne6+ Bxe6 33. dxe6 Qxe4 34.
Rxe4 Rc7 35. f4 exf4 36. Rxf4 Ke7 37. Re1 Rd6 38. Rfe4 Rcc6 39. Rb1 b6 0-1